Vè xứ Quảng và chú giải
Nội dung sách giới thiệu vè lịch sử tiếp theo quyển 3 của vè xứ Quảng về chống thực dân và đế quốc (tiếp theo), vè binh vận - dân vận, vè chống sưu xin thuế tại địa phương.
Guardado en:
| Formato: | Libro |
|---|---|
| Lenguaje: | Undetermined |
| Publicado: |
Hà Nội
Hội nhà văn
2016
|
| Materias: | |
| Etiquetas: |
Agregar Etiqueta
Sin Etiquetas, Sea el primero en etiquetar este registro!
|
| Thư viện lưu trữ: | Trung tâm Học liệu Trường Đại học Cần Thơ |
|---|
| LEADER | 00799nam a2200181Ia 4500 | ||
|---|---|---|---|
| 001 | CTU_226633 | ||
| 008 | 210402s9999 xx 000 0 und d | ||
| 082 | |a 398.8409597 | ||
| 082 | |b V200/Q.4 | ||
| 245 | 0 | |a Vè xứ Quảng và chú giải | |
| 245 | 0 | |c Võ Văn Hòe (sưu tầm và chú giải) | |
| 260 | |a Hà Nội | ||
| 260 | |b Hội nhà văn | ||
| 260 | |c 2016 | ||
| 520 | |a Nội dung sách giới thiệu vè lịch sử tiếp theo quyển 3 của vè xứ Quảng về chống thực dân và đế quốc (tiếp theo), vè binh vận - dân vận, vè chống sưu xin thuế tại địa phương. | ||
| 650 | |a Hò vè,Rhyming games | ||
| 910 | |b dqhieu | ||
| 980 | |a Trung tâm Học liệu Trường Đại học Cần Thơ | ||